00818cab a2200217 a 4500008004100000020001500041035001200056050002100068100002300089245015700112250001100269260008700280300002100367440002900388500007000417650002800487650001400515650002100529700002100550700002900571041021s1995 mx 000 0 spa u a9688592099 aa44077700aHM271 bC47 19951 aCerteau, Michel de13aLa Toma de la palabra y otros escritos políticos /cMichel de Certeau ; edición establecida y presentada por Luce Giard ; tr. de Alejandro Pescador. a1a ed. aMéxico :bUniversidad Iberoamericana, Departamento de Historia :bITESO, c1995. a235 p. ;c22 cm. 0aHistoria y Grafía ;v2 aTraducción de: La prise de parole et autres écrits politiques 4aLibertad de expresión 4aAutoridad 4aValores sociales1 aGiard, Luce, ed.1 aPescador, Alejandro, tr.